000 00369nam a2200133Ia 4500
008 151001s9999||||xx |||||||||||||| ||und||
100 _aदुर्गा - भागवत
245 _aऋतुचक्र
250 _a4
260 _bपॉप्युलर प्रकाशन मुंबई
260 _c1973
300 _a117
365 _b18
999 _c983210
_d983207